Pengenalan pengurusan kewangan

Bibliographic Details
Main Author: Shamsudin Ismail (Author)
Format: Book
Published: Kuala Lumpur : Dewan Bahasa dan Pustaka , 1998
Subjects:

MARC

LEADER 00000cam a2200000 7i4500
001 0000008400
005 20070623093000.0
008 021119s1998
020 |a 9836259538 
090 0 0 |a HG173.6   |b .S52 1998 
100 0 |a Shamsudin Ismail ,   |e author 
245 0 0 |a Pengenalan pengurusan kewangan   |c Shamsudin Ismail 
260 2 |a Kuala Lumpur :   |b Dewan Bahasa dan Pustaka ,   |c 1998 
300 |a xvi, 578 p. ; ;   |c 25 cm. 
504 |a Includes bibliographical references and index 
650 0 |a Finance 
999 |a 1000081723   |b Book   |c OPEN SHELF (30 DAYS)   |e Gong Badak Campus